Postacie z II wojny światowej według zdjęcia - Statystyki

Ogólne statystyki
  • Ten quiz został rozwiązany 3 552 razy
  • Średni wynik to 8 z 16
Statystyki odpowiedzi
Obrazkowy Odpowiedź % Poprawnych
Adolf Hitler
100%
Józef Stalin
96%
Benito Mussolini
81%
Winston Churchill
81%
Franklin D. Roosevelt
65%
Hirohito
53%
Charles de Gaulle
47%
Dwight D. Eisenhower
42%
Erwin Rommel
39%
Gieorgij Żukow
38%
Hermann Göring
36%
Douglas MacArthur
31%
Bernard Montgomery
30%
Philippe Pétain
26%
Czang Kaj-Szek
18%
Hideki Tojo
15%
Nie znaleziono quizów pasujących do podanych kryteriów
Rozkład punktacji
Procent ludzi z każdym wynikiem
Percentyl według liczby udzielonych odpowiedzi
Twoja historia wyników
Nie rozwiązałeś tego quizu